| 000 | 00511nam a22001817a 4500 | ||
|---|---|---|---|
| 003 | UA-OsUOA | ||
| 001 | 13134 | ||
| 007 | ta | ||
| 008 | 20030417b un ||||| |||| 00| 0 ukr d | ||
| 100 | _aЖуковська Л. | ||
| 942 | _cSA | ||
| 040 |
_aUA-OsUOA _cUA-OsUOA _dUA-OsUOA |
||
| 245 | _aШлях у небо починається з гуртка | ||
| 300 | _aС.7 | ||
| 955 | _a0 | ||
| 773 | 0 |
_w0 _tКур*єр подій _dДубно _d2003 _g№14/3 квіт./ |
|
| 650 | 7 |
_aАвіамоделювання _2UDC |
|
| 999 |
_c299295 _d299295 |
||